<The> role of States in Strengthening the Property Tax <A> Commission Report

Saved in:
Bibliographic Details
Format: Book
Language:English
Published: Washington Advisory Commission on Intergovermntal Relations 1963
Edition:1. ed.
Subjects:
Tags: Add Tag
No Tags, Be the first to tag this record!

MARC

LEADER 00000nam a2200000 4500
001 c005004
005 20221220103340.2
041 0 |a eng 
044 |a US 
245 1 0 |a <The> role of States in Strengthening the Property Tax  |b <A> Commission Report 
250 |a 1. ed. 
264 1 |a Washington  |b Advisory Commission on Intergovermntal Relations  |c 1963 
300 |a 187 s. 
610 2 0 |a dane 
610 2 0 |a politika daňová 
610 2 0 |a štát 
610 2 0 |a dane majetkové 
610 2 0 |a administratíva 
610 2 0 |a daňovníci 
610 2 0 |a USA